[Event "EU-ch blitz"]
[Site "Katowice"]
[Date "2017.12.15"]
[Round "10"]
[White "Korolchuk, Nikolav"]
[Black "Dragnev, Valentin"]
[Result "0-1"]
[WhiteElo "2226"]
[BlackElo "2458"]
[PlyCount "56"]
[EventDate "2017.12.15"]
[EventType "swiss (blitz)"]
[EventRounds "22"]
[EventCountry "POL"]
[SourceTitle "CBM 182 Extra"]
[Source "ChessBase"]
[SourceDate "2018.02.23"]
[SourceVersion "1"]
[SourceVersionDate "2018.02.23"]
[SourceQuality "1"]

1. e4 e5 2. Nf3 Nc6 3. d4 exd4 4. Nxd4 Nf6 5. Nxc6 bxc6 6. Bd3 d5 7. 0-0 dxe4 8. Qe1 Be7 9. Bxe4 0-0 10. Bxc6 Rb8 11. Nc3 Qd6 12. Bf3 Bf5 13. Ne4 Bxe4 14. Bxe4 Rfe8 15. Bd3 Ng4 16. g3 Bg5 17. Qd1 Bxc1 18. Qxg4 Bxb2 19. Rad1 Qf6 20. Rfe1 c5 21. Bc4 Bd4 22. Qf4 Qxf4 23. gxf4 Kf8 24. Kg2 Rxe1 25. Rxe1 Rb2 26. Bb3 c4 27. Bxc4 Rxc2 28. Re2 Rxc4 0-1

[Event "EU-ch blitz"]
[Site "Katowice"]
[Date "2017.12.15"]
[Round "7"]
[White "Korolchuk, Nikolav"]
[Black "Maier, Christian"]
[Result "1/2-1/2"]
[WhiteElo "2226"]
[BlackElo "2393"]
[PlyCount "124"]
[EventDate "2017.12.15"]
[EventType "swiss (blitz)"]
[EventRounds "22"]
[EventCountry "POL"]
[SourceTitle "CBM 182 Extra"]
[Source "ChessBase"]
[SourceDate "2018.02.23"]
[SourceVersion "1"]
[SourceVersionDate "2018.02.23"]
[SourceQuality "1"]

1. e4 e6 2. d4 d5 3. e5 c5 4. c3 Nd7 5. f4 Ne7 6. Nf3 a6 7. Bd3 g6 8. Be3 Nf5 9. Bf2 h5 10. Bxf5 gxf5 11. Nbd2 h4 12. 0-0 Be7 13. Qe1 cxd4 14. Nxd4 Nf8 15. N2f3 Ng6 16. Qd2 Bd7 17. a4 Rc8 18. Rfd1 Qc7 19. Be3 Qc4 20. Qe2 Qc7 21. Qd2 Rg8 22. Ne2 Qc4 23. Qc2 Qe4 24. Qxe4 fxe4 25. Nfd4 Rc4 26. b3 Rc8 27. Rac1 Bd8 28. Rf1 Ne7 29. Bf2 Rh8 30. g3 Ng6 31. g4 f6 32. exf6 Bxf6 33. f5 exf5 34. Nxf5 Bxf5 35. gxf5 Ne5 36. Nf4 Nf3+ 37. Kh1 Rxc3 38. Nxd5 Rxc1 39. Rxc1 Be5 40. Rc8+ Kd7 41. Rxh8 Bxh8 42. Kg2 Kd6 43. Nf4 Be5 44. Ng6 Bxh2 45. Nxh4 Nxh4+ 46. Bxh4 Bf4 47. Kf2 Ke5 48. f6 Ke6 49. Ke2 Bh6 50. Kf2 Bf8 51. Ke3 Kf5 52. Kd4 Bh6 53. f7 Bf8 54. Bg3 Bg7+ 55. Ke3 Bh6+ 56. Kd4 Bg7+ 57. Ke3 Bf8 58. Bc7 Bc5+ 59. Ke2 Ke6 60. Bb6 Be7 61. Ke3 Kxf7 62. Kxe4 Ke6 1/2-1/2

[Event "EU-ch blitz"]
[Site "Katowice"]
[Date "2017.12.15"]
[Round "5"]
[White "Krause, Jonah"]
[Black "Korolchuk, Nikolav"]
[Result "1-0"]
[WhiteElo "2368"]
[BlackElo "2226"]
[PlyCount "113"]
[EventDate "2017.12.15"]
[EventType "swiss (blitz)"]
[EventRounds "22"]
[EventCountry "POL"]
[SourceTitle "CBM 182 Extra"]
[Source "ChessBase"]
[SourceDate "2018.02.23"]
[SourceVersion "1"]
[SourceVersionDate "2018.02.23"]
[SourceQuality "1"]

1. d4 e6 2. c4 f5 3. Nf3 Nf6 4. g3 d5 5. Bg2 c6 6. 0-0 Bd6 7. Qc2 Ne4 8. Nc3 Nd7 9. Rb1 0-0 10. b4 Qe8 11. b5 Ndf6 12. a4 Nxc3 13. Qxc3 Ne4 14. Qc2 f4 15. Nd2 Nxd2 16. Bxd2 Kh8 17. Bb4 Qe7 18. Bxd6 Qxd6 19. Rbc1 cxb5 20. axb5 dxc4 21. Qxc4 e5 22. Rfd1 Qf6 23. dxe5 Qxe5 24. Qc5 Qf6 25. Qd4 Qf7 26. Qxf4 Qxf4 27. gxf4 Bg4 28. f3 Bf5 29. Rc7 a5 30. Rxb7 a4 31. Ra1 a3 32. b6 Be6 33. e4 a2 34. f5 Bg8 35. f4 Ra4 36. e5 Rb4 37. Kf2 Rb1 38. Rxa2 Bxa2 39. Ra7 Bg8 40. b7 Rb8 41. Kg3 Rb3+ 42. Kh4 h6 43. e6 Rb4 44. Kg3 Rb5 45. Be4 Rb3+ 46. Kf2 Rb4 47. Ke3 Rb3+ 48. Kd4 Rd8+ 49. Kc5 Rc3+ 50. Kb6 Rd6+ 51. Kb5 Rd8 52. Ra8 Rb3+ 53. Kc6 Rc3+ 54. Kb6 Rb3+ 55. Kc7 Rxb7+ 56. Bxb7 Rd4 57. e7 1-0

[Event "Novy Bor op 3rd"]
[Site "Novy Bor"]
[Date "2012.02.12"]
[Round "2"]
[White "Korolchuk, Nikolav"]
[Black "Richterova, Natasa"]
[Result "1-0"]
[WhiteElo "2235"]
[BlackElo "1801"]
[PlyCount "57"]
[EventDate "2012.02.11"]
[EventType "swiss"]
[EventRounds "9"]
[EventCountry "CZE"]
[SourceTitle "CBM 147 Extra"]
[Source "ChessBase"]
[SourceDate "2012.04.24"]
[SourceVersion "1"]
[SourceVersionDate "2012.04.24"]
[SourceQuality "1"]

1. e4 e5 2. d4 exd4 3. Nf3 Bb4+ 4. c3 dxc3 5. bxc3 Bc5 6. Bc4 d6 7. 0-0 Nf6 8. e5 dxe5 9. Qxd8+ Kxd8 10. Nxe5 Re8 11. Nxf7+ Ke7 12. Re1+ Kf8 13. Rxe8+ Kxe8 14. Bf4 Ne4 15. Nd2 Bxf2+ 16. Kf1 Nxd2+ 17. Bxd2 Bh4 18. Bf4 b5 19. Bd5 c6 20. Nd6+ Kd7 21. Bf3 Ba6 22. Bg4+ Kd8 23. Rd1 Bf6 24. Kg1 Kc7 25. Nxb5+ Kb6 26. Nc7 Kb7 27. Rb1+ Bb5 28. Nxa8 Kxa8 29. a4 1-0

[Event "Ostrava op-A"]
[Site "Ostrava"]
[Date "2002.05.26"]
[Round "10"]
[White "Bures, Martin R"]
[Black "Korolchuk, Nikolav"]
[Result "0-1"]
[WhiteElo "2205"]
[BlackElo "2252"]
[PlyCount "50"]
[EventDate "2002.05.18"]
[EventType "swiss"]
[EventRounds "10"]
[EventCountry "CZE"]
[SourceTitle "CBM 088 Extra"]
[Source "ChessBase"]
[SourceDate "2002.07.01"]
[SourceVersion "2"]
[SourceVersionDate "2002.07.01"]
[SourceQuality "1"]

1. d4 e6 2. e4 d5 3. exd5 exd5 4. Bd3 Nf6 5. h3 c5 6. dxc5 Bxc5 7. Nf3 0-0 8. 0-0 Nc6 9. Bg5 Qd6 10. Nc3 a6 11. a3 Rd8 12. b4 Ba7 13. Re1 Bxh3 14. gxh3 Qg3+ 15. Kh1 Bxf2 16. Rf1 Qxh3+ 17. Nh2 Bg3 18. Qe2 Ng4 19. Qg2 Qxh2+ 20. Qxh2 Nxh2 21. Bxd8 Nxf1 22. Bg5 Be5 23. Rxf1 Bxc3 24. Rf5 f6 25. Bf4 Be5 0-1

[Event "Ostrava op-A"]
[Site "Ostrava"]
[Date "2002.05.24"]
[Round "8"]
[White "Bartos, Jan"]
[Black "Korolchuk, Nikolav"]
[Result "1/2-1/2"]
[WhiteElo "2211"]
[BlackElo "2252"]
[PlyCount "35"]
[EventDate "2002.05.18"]
[EventType "swiss"]
[EventRounds "10"]
[EventCountry "CZE"]
[SourceTitle "CBM 088 Extra"]
[Source "ChessBase"]
[SourceDate "2002.07.01"]
[SourceVersion "2"]
[SourceVersionDate "2002.07.01"]
[SourceQuality "1"]

1. d4 e6 2. c4 d5 3. Nc3 Be7 4. Nf3 Nf6 5. cxd5 exd5 6. Bf4 c6 7. e3 Bf5 8. Bd3 Bxd3 9. Qxd3 Nbd7 10. 0-0 Nf8 11. Rab1 Ne6 12. Bg3 Rc8 13. b4 a6 14. a4 0-0 15. a5 Bd6 16. Bxd6 Qxd6 17. Na4 Nc7 18. Nc5 1/2-1/2

[Event "Ostrava op-A"]
[Site "Ostrava"]
[Date "2002.05.21"]
[Round "5"]
[White "Korolchuk, Nikolav"]
[Black "Hladik, Oto"]
[Result "0-1"]
[WhiteElo "2252"]
[BlackElo "2259"]
[PlyCount "136"]
[EventDate "2002.05.18"]
[EventType "swiss"]
[EventRounds "10"]
[EventCountry "CZE"]
[SourceTitle "CBM 088 Extra"]
[Source "ChessBase"]
[SourceDate "2002.07.01"]
[SourceVersion "2"]
[SourceVersionDate "2002.07.01"]
[SourceQuality "1"]

1. e4 c5 2. Nf3 Nc6 3. Bb5 g6 4. Bxc6 bxc6 5. 0-0 Bg7 6. Re1 e5 7. c3 Ne7 8. d4 cxd4 9. cxd4 exd4 10. Nxd4 Qb6 11. Nb3 Qc7 12. Nc3 0-0 13. Be3 d5 14. Bc5 Rd8 15. exd5 Nxd5 16. Nxd5 cxd5 17. Bd4 Bf5 18. Bxg7 Kxg7 19. Qd4+ Kg8 20. Rac1 Qb6 21. h3 Rab8 22. Red1 Re8 23. Qxb6 Rxb6 24. Rd2 Reb8 25. Rc7 Ra6 26. Nc1 Ra5 27. b3 Rc8 28. Rxc8+ Bxc8 29. Nd3 g5 30. Nb4 Be6 31. f3 h6 32. Kf2 Rb5 33. Nc6 Rc5 34. Nd4 Kg7 35. Rc2 Rxc2+ 36. Nxc2 Kf6 37. Ke3 Ke5 38. Nd4 Bd7 39. a4 a5 40. g4 f6 41. Nc2 f5 42. Nd4 fxg4 43. hxg4 Be8 44. Nf5 h5 45. Ng7 d4+ 46. Kf2 Bf7 47. gxh5 Bxb3 48. h6 Kf6 49. Nf5 Kg6 50. Nxd4 Bxa4 51. Kg3 Bd1 52. Nb5 a4 53. f4 g4 54. f5+ Kxh6 55. Kf4 Kg7 56. Na3 Kf6 57. Nc4 Be2 58. Ne3 a3 59. Nd5+ Kf7 60. Nb4 Ke7 61. Ke3 Bd1 62. Kf4 Kd6 63. Na2 Kc5 64. f6 Kd6 65. Nc3 Ke6 66. Ke4 Kxf6 67. Kd4 Kf5 68. Ne4 a2 0-1

[Event "Ostrava op-A"]
[Site "Ostrava"]
[Date "2002.05.18"]
[Round "1"]
[White "Korolchuk, Nikolav"]
[Black "Hladik, Lumir"]
[Result "1/2-1/2"]
[WhiteElo "2252"]
[BlackElo "2084"]
[PlyCount "170"]
[EventDate "2002.05.18"]
[EventType "swiss"]
[EventRounds "10"]
[EventCountry "CZE"]
[SourceTitle "CBM 088 Extra"]
[Source "ChessBase"]
[SourceDate "2002.07.01"]
[SourceVersion "2"]
[SourceVersionDate "2002.07.01"]
[SourceQuality "1"]

1. e4 c6 2. d4 d5 3. exd5 cxd5 4. Bd3 Nc6 5. c3 Nf6 6. h3 e5 7. dxe5 Nxe5 8. Nf3 Nxd3+ 9. Qxd3 Be7 10. Be3 0-0 11. Nbd2 Be6 12. 0-0 a6 13. a4 Rc8 14. Rfe1 Nd7 15. Nb3 Qc7 16. Bd4 Qc4 17. Qc2 Bf6 18. Bxf6 Nxf6 19. Nbd4 Ne4 20. Qe2 Qc7 21. Nd2 Nxd2 22. Qxd2 Bd7 23. Qg5 Qd6 24. Re5 Qb6 25. Qd2 Qd6 26. Rae1 f6 27. Nf5 Bxf5 28. Rxd5 Qc6 29. Rxf5 Rcd8 30. Qc2 Rfe8 31. Rxe8+ Rxe8 32. Qd1 Kf8 33. Rf4 Qe6 34. Kh2 g5 35. Rd4 Qe2 36. Qxe2 Rxe2 37. Rb4 Re7 38. Kg3 Kf7 39. Kf3 h5 40. Rb6 Kg6 41. Rd6 Rc7 42. g3 Re7 43. c4 g4+ 44. hxg4 hxg4+ 45. Kg2 Kf5 46. Rb6 Ke5 47. c5 Kd5 48. Rxf6 Kxc5 49. Rf4 Rg7 50. b4+ Kd5 51. Kf1 Ke5 52. Ke2 Rg6 53. Kd3 Rd6+ 54. Ke3 Rg6 55. a5 Rg7 56. Rc4 Kd5 57. Rc5+ Kd6 58. Kf4 Re7 59. Rg5 Re2 60. Rg6+ Kd5 61. Rb6 Rxf2+ 62. Kxg4 Rf7 63. Kg5 Rg7+ 64. Rg6 Rc7 65. g4 Ke5 66. Kh6 Rc4 67. g5 Rh4+ 68. Kg7 Rxb4 69. Rb6 Rb5 70. g6 Rxa5 71. Kf8 Ra1 72. g7 Rf1+ 73. Ke7 Rg1 74. Kf7 Rf1+ 75. Kg8 Kd5 76. Rxb7 Kc5 77. Rf7 Rg1 78. Rf6 a5 79. Kf7 Rxg7+ 80. Kxg7 a4 81. Rf4 Kb5 82. Kf6 a3 83. Ke5 a2 84. Rf1 Kc4 85. Ke4 Kc3 1/2-1/2

[Event "Dunajska Streda op"]
[Site "Dunajska Streda"]
[Date "1999.06.14"]
[Round "4"]
[White "Korolchuk, Nikolav"]
[Black "Teterev, Vitaly"]
[Result "0-1"]
[WhiteElo "2288"]
[BlackElo "2078"]
[PlyCount "52"]
[EventDate "1999.06.12"]
[EventType "swiss"]
[EventRounds "9"]
[EventCountry "SVK"]
[SourceTitle "EXT 2006"]
[Source "ChessBase"]
[SourceDate "2005.11.24"]
[SourceVersion "1"]
[SourceVersionDate "2005.11.24"]
[SourceQuality "1"]

1. e4 c5 2. Nf3 d6 3. Bb5+ Nd7 4. 0-0 Ngf6 5. Re1 a6 6. Bf1 b6 7. d4 cxd4 8. Nxd4 Bb7 9. f3 e6 10. c4 Be7 11. b3 0-0 12. Nc3 Qc7 13. Bb2 Rfe8 14. Rc1 Rad8 15. g4 Qb8 16. f4 Nc5 17. Bg2 d5 18. e5 dxc4 19. Bxb7 Qxb7 20. exf6 Bxf6 21. Nce2 Nd3 22. Rc2 Qe4 23. Rf1 Nxb2 24. Rxb2 Rxd4 25. Qc2 Rd3 26. Nc1 Bd4+ 0-1

[Event "Dunajska Streda op"]
[Site "Dunajska Streda"]
[Date "1999.01.16"]
[Round "7"]
[White "Korolchuk, Nikolav"]
[Black "Ginzburg, Mikhail"]
[Result "1-0"]
[WhiteElo "2288"]
[BlackElo "2180"]
[PlyCount "102"]
[EventDate "1999.06.12"]
[EventType "swiss"]
[EventRounds "9"]
[EventCountry "SVK"]
[SourceTitle "EXT 2006"]
[Source "ChessBase"]
[SourceDate "2005.11.24"]
[SourceVersion "1"]
[SourceVersionDate "2005.11.24"]
[SourceQuality "1"]

1. d4 Nf6 2. Nf3 e6 3. Bf4 c5 4. e3 Qb6 5. Qc1 Nc6 6. c3 d5 7. Bd3 Be7 8. Nbd2 Bd7 9. 0-0 0-0 10. h3 Rac8 11. Re1 cxd4 12. exd4 Qa5 13. Qd1 Qb6 14. Rb1 Na5 15. Qe2 a6 16. b4 Nc6 17. Nb3 Na7 18. Nc5 Bb5 19. a4 Bxd3 20. Qxd3 Rfe8 21. Re3 Nc6 22. a5 Qa7 23. Ne5 Nxe5 24. Bxe5 Rc6 25. Rg3 b6 26. axb6 Rxb6 27. Ra1 Ra8 28. Qe3 Ne8 29. Qe2 Bd6 30. h4 Bxe5 31. Qxe5 Qc7 32. Rxg7+ Kf8 33. Qxc7 Nxc7 34. Rxh7 Ke7 35. Nd3 Nb5 36. Ne5 Nd6 37. Ra5 Rb5 38. Ra2 Rb7 39. g4 Rc7 40. Ra3 Kf6 41. c4 dxc4 42. Rf3+ Ke7 43. Nxf7 Nb5 44. Ne5+ Kd6 45. Rxc7 Kxc7 46. Nxc4 Nxd4 47. Rf7+ Kc6 48. h5 Rg8 49. Ne5+ Kd6 50. Ng6 Kd5 51. Kg2 Ke4 1-0